|
|
|
|
| LEADER |
00000nam a22000007a 4500 |
| 005 |
20201103220126.0 |
| 007 |
cr|||| ||| |
| 008 |
201103s2020 es |||||s|||| 00||0 spa d |
| 020 |
|
|
|a 978-84-1377-054-3
|
| 035 |
|
|
|a 32292
|
| 040 |
|
|
|a vLex
|
| 090 |
|
|
|c 10831
|d 10831
|
| 100 |
1 |
|
|a Přez Jaraba, M.® Dolores
|
| 245 |
1 |
0 |
|a Teora̕s de la mediacin̤ y derechos fundamentales
|h [Recurso electrn̤ico] /
|c M.® Dolores Přez Jaraba
|
| 256 |
|
|
|a Servicio en ln̕ea
|
| 260 |
|
|
|a Madrid:
|b Dykinson,
|c 2020
|
| 300 |
|
|
|a 1 recurso electrn̤ico
|
| 500 |
|
|
|a Este libro, como su tt̕ulo indica, trata de encuadrar la idea moderna de ±mediacin̤» en relacin̤ a los derechos fundamentales. La mediacin̤, como mťodo colaborativo, comunicativo y facilitador de un acuerdo autn̤omo de las partes en la resolucin̤ de los conflictos que les afectan, se determina desde una serie de particularidades y necesidades concretas y especf̕icas, que lo dotan de una especial eficacia, sl̤o comprensible en el marco de un reconocimiento democrt̀ico y en la cultura de los derechos fundamentales y, ms̀ especf̕icamente, en el respeto del derecho a la ±tutela judicial efectiva».
|
| 506 |
1 |
|
|a Disponible solo en los productos indicados
|d vLex Global
|d vLex Global (Academic Edition, excluding Law Schools)
|d vLex Global (U.S. Academic Edition, Law Schools)
|d vLex Global (U.S. Academic Edition, excluding Law Schools)
|d vLex Global (Academic Edition, Law Schools)
|
| 650 |
0 |
4 |
|a Derecho Militar
|z Espaą
|
| 740 |
0 |
|
|a vLex Libros (Servicio en ln̕ea)
|
| 856 |
4 |
0 |
|u http://vlex.com/source/teorias-de-la-mediacion-y-derechos-fundamentales-32292
|z Acceso restringido
|
| 942 |
|
|
|c BOOK
|
| 999 |
0 |
|
|a Military Law
|